[Event "Medellin de La Raza op"]
[Site "Medellin"]
[Date "2023.10.14"]
[Round "6"]
[White "Castano Herrera, Saray"]
[Black "Castro Lombana, Juan Pablo"]
[Result "1-0"]
[WhiteElo "1868"]
[BlackElo "1674"]
[PlyCount "48"]
[EventDate "2023.10.12"]
[EventType "swiss"]
[EventRounds "10"]
[EventCountry "COL"]
[SourceTitle "Mega2024 Update 01"]
[Source "Chessbase"]
[SourceDate "2023.11.12"]
[SourceVersion "1"]
[SourceVersionDate "2023.11.12"]
[SourceQuality "1"]

1. e4 e6 2. d4 d5 3. Nc3 Nf6 4. e5 Nfd7 5. Nf3 c5 6. Bb5 a6 7. Bxd7+ Bxd7 8. 0-0 Nc6 9. Ne2 cxd4 10. Nexd4 Bc5 11. Nxc6 Bxc6 12. c3 0-0 13. Re1 f6 14. Be3 Bxe3 15. Rxe3 fxe5 16. Rxe5 Qf6 17. Qe2 Rae8 18. Nd4 Bd7 19. Re1 Kh8 20. f3 Qf4 21. Nxe6 Bxe6 22. Rxe6 Rd8 23. Re8 h6 24. Rxf8+ Rxf8 1-0